00547nam a2200193Ia 450000500170000000800410001702000060005808200130006410000230007724501060010026000580020630000140026465000120027865000130029065000150030365000120031865000110033065000120034120250107004709.0240331s9999 xx 000 0 und d a  bANNa950 aAriyapala, M.B. Co 0aAnnotated index of the Articles in the journals of the royal asiaticsociety of Sri Lanka :b1845-1989 aColombobThe Royal Asiatic Society of Sri Lankac1989 a332 p .,  aHistory aReligion aLiterature aGeology aBotany aZoology